Statistics for Characters Played by Different Actors #11

Click here to take the quiz!

General Stats

  • This quiz has been taken 115 times
    (99 since last reset)
  • The average score is 8 of 20

Answer Stats

Actors Hint Character % Correct
John Huston; Ian McKellanwizardGandalf
85%
Jodie Foster; Julianne MooreFBI agentClarice Starling
83%
Ben Kingsley; Johnny DeppbarberSweeney Todd
76%
Leonardo DiCaprio; Orlando BloomloverRomeo Montague
68%
Michael Rosenbaum; Jesse EisenbergvillainLex Luthor
67%
Elizabeth Hurley; Al PacinoadversarySatan
65%
Charlton Heston; Alanis Morrissetteliterary characterGod
61%
Richard Bremmer; Ralph FienneswizardLord Voldemort
53%
Ben Kingsley; Val KilmerprophetMoses
45%
Vanessa Redgrave; Natalie PortmanqueenAnne Boleyn
35%
John Wayne; Omar SharifemperorGenghis Khan
30%
Raúl Juliá; Kenneth BranaghdoctorVictor Frankenstein
24%
Bob Anderson; Sebastian Shawdark lordDarth Vader
23%
Barbara Hershey; Monica BelluciwitnessMary Magdalene
23%
Paul Rudd; Aaron Taylor-JohnsonmusicianJohn Lennon
17%
Robert Duvall; Larry LinvillemajorFrank Burns
17%
Josh Gad; Seth RogennerdSteve Wozniak
11%
Jet Li; Stephen ChowkingSun Wukong (Monkey King)
6%
Marlon Brando; Charlton HestongeneralMarcus Antonius
5%
Genevieve Gaunt; Scarlett ByrnewitchPansy Parkinson
3%

Score Distribution

Percentile by Number Answered

Percent of People with Each Score

Your Score History

You have not taken this quiz since the last reset